000 00417nam a2200169Ia 4500
005 20250423100839.0
008 250422s9999 xx 000 0 und d
020 _a9780528741
050 _aHT 421 .A43/
100 _aAlanana, O. Otaki
245 0 _aRural sociology : an introduction
260 _aKaduna
260 _bJoyce Graphic Printers & Publishers Co.
260 _c2005
300 _a90 p
942 _cBK
999 _c34521
_d34521